00271nam a2200109Ia 4500008004100000040001200041082001300053100003000066245002800096260002800124300000900152200103s9999||||xx |||||||||||||| ||und|| aIMU-MPC aColumn-9 aGupta, S.L. and Kumar, V. 0aHandbook of Electronics bPragati Prakashanc1983 a1428